• 首页
  • 本馆介绍
  • 公告通知
  • 最新文献
  • 馆藏检索
  • 电子资源
  • 读者导购
  • 参考咨询
  • 我的图书馆
  • 登录
  • 详细信息显示
  • 放入我的书架
  • 预约/预借图书
  • 作者相关作品
  • 分类相关作品
  • 丛书相关作品
  • 出版社相关作品

书目信息

  • 表格格式
  • 工作单格式
  • 卡片格式
题名:
国际物流
    
 
作者: 白世贞 , 沈欣 , 吴绒 主编
分册:  
出版信息: 北京   中国人民大学出版社  2013
页数: 252页
开本: 26cm
丛书名:
单 册:
中图分类: F259.1
科图分类:
主题词: 国际贸易--物流--教材 , 国际贸易 , 物流
电子资源:
ISBN: 978-7-300-17478-5
000 01116nam0 2200301 450
001 523
005 20140908165044.70
010    @a978-7-300-17478-5@dCNY28.00
100    @a20130724d2013 em y0chiy50 ea
101 0  @achi
102    @aCN@b110000
105    @ay z 000yy
106    @ar
200 1  @a国际物流@AGuo Ji Wu Liu@dInternational logistics@f白世贞,沈欣,吴绒等主编@FBai Shi Zhen, Shen Xin, Wu Rong Deng Zhu Bian@zeng
210    @a北京@c中国人民大学出版社@d2013
215    @a252页@d26cm
300    @a21世纪物流管理系列教材
330    @a本书共有10章,按照国际物流业务的关键过程展开,内容涵盖国际物流系统与网络、国际货物运输、国际货物通关、国际货物检验检疫、国际货物运输保险、国际货运代理、国际物流仓储及国际物流信息系统等模块。
510 1  @aInternational logistics@zeng
606 0  @a国际贸易@x物流@j教材
606 0  @a国际贸易
606 0  @a物流
690    @aF259.1@v5
701  0 @a白世贞@ABai Shi Zhen@f(1962.10~)@4主编
701  0 @a沈欣@AShen Xin@c(物流)@4主编
701  0 @a吴绒@AWu Rong@c(女,@f1981~)@4主编
801  0 @aCN@bTANGWEI@c20140603
905    @b0840989-91@dF259.1@e203@f3
    
    国际物流=International logistics/白世贞,沈欣,吴绒等主编.-北京:中国人民大学出版社,2013
    252页;26cm
    21世纪物流管理系列教材
    
    ISBN 978-7-300-17478-5:CNY28.00
    本书共有10章,按照国际物流业务的关键过程展开,内容涵盖国际物流系统与网络、国际货物运输、国际货物通关、国际货物检验检疫、国际货物运输保险、国际货运代理、国际物流仓储及国际物流信息系统等模块。
●
相关链接 在E读中查询图书 在五车中查询图书 在当当中查询图书 在豆瓣中查询图书


正题名:国际物流     索取号:F259.1/203         预约/预借

序号 登录号 条形码 馆藏地/架位号 状态 备注
1 0840989   208409890   第一样本阅览室/ [索取号:F259.1/203] 在馆    
2 0840990   208409907   第一借阅区/ [索取号:F259.1/203] 在馆    
3 0840991   208409916   第一借阅区/ [索取号:F259.1/203] 在馆    
唐山师范学院图书馆 欢迎您!
大连网信软件有限公司© 版权所有